| 000 | 01236cab a22002175a 4500 | ||
|---|---|---|---|
| 001 | L159818 | ||
| 008 | 180220e2018 xxk 000 0 eng d | ||
| 035 | _a(Sirsi) u159818 | ||
| 041 | 0 | _aeng | |
| 110 | 2 |
_aAMA Research _96194 |
|
| 245 | 0 | 0 |
_aFacilities Management Outsourcing _bHealth and Education Sector Report UK 2018-2022 Summary Findings _h[electronic resource] |
| 260 |
_aCheltenham _bAMA Research _c2018 |
||
| 520 | _aAssesses the potential for facilities management (FM) outsourcing within the healthcare and education industries which is considered moderately positive over the short to medium term. Although growth within both sectors is likely to depend upon the prevailing political and economic situation, Government encouragement of greater private sector involvement is expected to continue. Summaries key findings, full report is available to purchase from AMA Research [email protected] (0)1242 235724. | ||
| 590 | _aNTK | ||
| 650 | 2 | 4 | _aOUTSOURCING |
| 650 | 2 | 4 | _aHEALTHCARE |
| 650 | _aEDUCATION BUILDINGS | ||
| 690 |
_aFacilities management _96240 |
||
| 856 | 4 | 0 |
_uhttps://www.amaresearch.co.uk/products/fm-health-education-2018 _zView the item free of charge from the www.amaresearch.co.uk |
| 942 | _n0 | ||
| 999 |
_c84995 _d84995 |
||